Tableau final de Roland Garros 2026. - Statistiques

Statistiques générales
  • Ce quiz a été pris 9 fois
  • Le résultat moyen est 10 sur 16
Statistiques - réponses
Tennisman % Correct
20px-Flag_of_Italy.svg.png Flavio Cobolli
100%
65.webp Alexander Zverev
100%
Flag_of_Serbia.svg Jakub Menšík
86%
20px-Flag_of_Norway.svg.png Casper Ruud
86%
9.webp Matteo Berrettini
86%
20px-Flag_of_Italy.svg.png Matteo Arnaldi
71%
20px-Flag_of_Brazil.svg.png João Fonseca
71%
65.webp Juan Manuel Cerúndolo
57%
20px-Flag_of_Chile.svg.png Alejandro Tabilo
57%
20px-Flag_of_the_United_States.svg.png Frances Tiafoe
57%
20px-Flag_of_Canada_%28Pantone%29.svg.png Félix Auger-Aliassime
57%
66.webp Rafael Jódar
57%
Flag_white.svg Andrey Rublev
43%
20px-Flag_of_the_Netherlands.svg.png Jesper de Jong
29%
66.webp Pablo Carreño Busta
29%
20px-Flag_of_the_United_States.svg.png Zachary Svajda
14%
Aucun quiz correspondant
Distribution des résultats
% des personnes avec chaque résultat
Percentile par nombre de réponses
Votre historique - résultats
Vous n’avez pas pris ce quiz